| 000 | 00920nam a2200205 a 4500 | ||
|---|---|---|---|
| 008 | 151118s2015 ||||||||||||||||| || u | ||
| 050 | _aUNCTAD(08)SSTI/11 | ||
| 110 | _aUnited Nations Conference on Trade and Development (UNCTAD) | ||
| 245 | 1 | 0 |
_aInternet broadband for an inclusive digital society _cBy The United Nations Conference on Trade and Development (UNCTAD) |
| 260 |
_aNew York: Geneva _bUnited Nations Conference on Trade and Development (UNCTAD) _c2015 |
||
| 300 | _a36p. | ||
| 490 | _aCurrent Studies on Science, Technology and Innovation | ||
| 490 | _v11 | ||
| 500 | _aBibliography | ||
| 650 | _aINTERNET USERS | ||
| 650 | _aBROADBAND COMMUNICATION SYSTEMS | ||
| 650 | _aINTERNET--GOVERNMENT POLICY | ||
| 650 | _aTELECOMMUNICATION POLICY--CASE STUDIES | ||
| 995 |
_FCBU-MAIN LIBRARY (Kitwe) _M1 _UAVAILABLE _WDec 9, 2015 _ZInternational Publications |
||
| 999 |
_c47518 _d47518 |
||